Bulteno de Esperanta Societo Paco Kaj Amo : fondita en 1907 fondita en 1907
Descripción Física:
4 p. ; 22 cm
Materias:
Esperanto -- Revistes
MARC
| LEADER | 00000nam a2200000Ia 4500 | ||
|---|---|---|---|
| 001 | 16208 | ||
| 003 | BGR | ||
| 005 | 20260410113708.0 | ||
| 008 | 160829s1934 xx 000 0 cat d | ||
| 080 | |a RF-14-35 | ||
| 110 | 2 | |a Esperanta Societo Paco Kaj Amo (Barcelona) |9 70847 | |
| 245 | |a Bulteno de Esperanta Societo Paco Kaj Amo : |b fondita en 1907 | ||
| 260 | |a Barcelono : |b Tip. Delta, |c 1934 | ||
| 300 | |a 4 p. ; |c 22 cm | ||
| 590 | |a Descripció basada en: Any 15, núm. 165 (abr. 1934). | ||
| 590 | |a Text en català amb una secció en esperanto. | ||
| 590 | |a Prové de 4032, exp. 144. | ||
| 590 | |a Hi ha un duplicat a la mateixa capsa | ||
| 650 | |a Esperanto |x Revistes |9 48549 | ||
| 856 | 4 | |u https://media.diba.cat/diba/fitxers/arxiu/fulletons/bib_16208_1934_baixa.pdf |y Accés lliure | |
| 856 | 4 | |u https://media.diba.cat/diba/fitxers/arxiu/fulletons/bib_16208_1934_baixa.pdf |y Accés lliure | |
| 866 | |a 1934 (165) | ||
| 900 | |a bib_16208_1934_baixa.pdf | ||
| 901 | |a Arxiu | ||
| 942 | |n 1 |2 udc |c MON | ||
| 952 | |0 0 |1 0 |4 0 |6 RF1435 |7 1 |9 54651 |a Arxiu |b Arxiu |d 2016-12-01 |l 0 |o RF-14-35 |p 16208 |r 2016-12-01 00:00:00 |w 2016-12-01 |y ARXIU | ||
| 999 | |c 58520 |d 58520 | ||